D V G yavara kaggogkti sampada Bhaga 3 Artha vivaraneyondige (Record no. 214876)
[ view plain ]
| 000 -LEADER | |
|---|---|
| fixed length control field | 00860nam a2200229Ia 4500 |
| 003 - CONTROL NUMBER IDENTIFIER | |
| control field | OSt |
| 005 - DATE AND TIME OF LATEST TRANSACTION | |
| control field | 20241010120110.0 |
| 008 - FIXED-LENGTH DATA ELEMENTS--GENERAL INFORMATION | |
| fixed length control field | 210719s2008 xx 000 0 und d |
| 040 ## - CATALOGING SOURCE | |
| Transcribing agency | AL |
| 041 ## - LANGUAGE CODE | |
| Language code of text/sound track or separate title | kannada |
| 082 ## - DEWEY DECIMAL CLASSIFICATION NUMBER | |
| Classification number | K894.109 KULD |
| 100 ## - MAIN ENTRY--PERSONAL NAME | |
| Personal name | KULYADI MADHAVA PAI |
| 9 (RLIN) | 109777 |
| Dates associated with a name | ಕುಲ್ಯಾಡಿ ಮಾಧವ ಪೈ |
| 245 ## - TITLE STATEMENT | |
| Title | D V G yavara kaggogkti sampada Bhaga 3 Artha vivaraneyondige |
| Remainder of title | ಡಿವಿಜಿ ಯವರ ಕಗ್ಗೋಕ್ತಿ ಸಂಪದ ಭಾಗ ೩ ಅರ್ಥ ವಿವರಣೆಯೊಂದಿಗೆ |
| 260 ## - PUBLICATION, DISTRIBUTION, ETC. | |
| Place of publication, distribution, etc. | Mangaluru |
| Date of publication, distribution, etc. | 2008 |
| 300 ## - PHYSICAL DESCRIPTION | |
| Extent | 223 |
| Other physical details | PB |
| 365 ## - TRADE PRICE | |
| Price amount | 125 |
| Currency code | Rs |
| 650 ## - SUBJECT ADDED ENTRY--TOPICAL TERM | |
| Topical term or geographic name entry element | Kannada Poetry Criticism |
| 9 (RLIN) | 109778 |
| 650 ## - SUBJECT ADDED ENTRY--TOPICAL TERM | |
| Topical term or geographic name entry element | Konkani Literature |
| 9 (RLIN) | 109779 |
| 650 ## - SUBJECT ADDED ENTRY--TOPICAL TERM | |
| Topical term or geographic name entry element | Di Vi Ji |
| 9 (RLIN) | 109780 |
| 906 ## - LOCAL DATA ELEMENT F, LDF (RLIN) | |
| a | 2 ; Artha ; Bhaga ; Di ; Jiyavara ; kaggogkti ; sampada ; Vi ; vivaraneyondige |
| 942 ## - ADDED ENTRY ELEMENTS (KOHA) | |
| Source of classification or shelving scheme | Dewey Decimal Classification |
| Koha item type | Book |
| Withdrawn status | Lost status | Source of classification or shelving scheme | Damaged status | Not for loan | Collection code | Home library | Current library | Date acquired | Source of acquisition | Cost, normal purchase price | Total Checkouts | Full call number | Barcode | Date last seen | Price effective from | Koha item type | Public note |
|---|---|---|---|---|---|---|---|---|---|---|---|---|---|---|---|---|---|
| Dewey Decimal Classification | St Aloysius Library | St Aloysius Library | 06/03/2008 | General Annual | 125.00 | K894.109 KULD | D03491 | 07/19/2021 | 07/19/2021 | Donated Books | Donated by Dr Mahalinga Bhat |